Samanti samaj. (Record no. 732728)

MARC details
000 -LEADER
fixed length control field 00602nam a2200241Ia 4500
003 - CONTROL NUMBER IDENTIFIER
control field OSt
005 - DATE AND TIME OF LATEST TRANSACTION
control field 20220928105803.0
008 - FIXED-LENGTH DATA ELEMENTS--GENERAL INFORMATION
fixed length control field 220927b |||||||| |||| 00| 0 eng d
037 ## - SOURCE OF ACQUISITION
Terms of availability Textual
040 ## - CATALOGING SOURCE
Original cataloging agency SDCL
Transcribing agency SDCL
Language of cataloging eng
041 ## - LANGUAGE CODE
Source of code eng
Language code of text/sound track or separate title eng
100 ## - MAIN ENTRY--PERSONAL NAME
Personal name Black Mark
9 (RLIN) 416785
245 #0 - TITLE STATEMENT
Title Samanti samaj.
260 ## - PUBLICATION, DISTRIBUTION, ETC.
Place of publication, distribution, etc. Delhi
Name of publisher, distributor, etc. Garanth Shilpi
Date of publication, distribution, etc. 2002
300 ## - PHYSICAL DESCRIPTION
Extent 391p
Dimensions cm.
490 ## - SERIES STATEMENT
Volume/sequential designation V2:243p
942 ## - ADDED ENTRY ELEMENTS (KOHA)
Classification part XD, 152P2.1-.2
Koha item type Textual
Source of classification or shelving scheme Colon Classification (CC)
Holdings
Withdrawn status Lost status Damaged status Not for loan Home library Current library Date acquired Serial Enumeration / chronology Total Checkouts Full call number Barcode Date last seen Price effective from Koha item type
        South Campus Library South Campus Library 2022-09-28 V2:243p   XD 152P2.1-.2 SC1107819 2022-09-28 2022-09-28 Textual
Copyright @ Delhi University Library System